000 00620cam a22002053a 4500
001 46017
003 PGUSA
005 20140828084057.0
008 140618s2014||||xxu|||||s|||||000 | eng d
040 _aPGUSA
_beng
042 _adc
100 1 _aDewar, Douglas,
_d1875-1957
245 1 0 _aIndian Birds :
_bBeing a Key to the Common Birds of the Plains of India
_h[electronic resource] /
_cDouglas Dewar
260 _bProject Gutenberg,
_c2014
506 _aPublic domain in the USA.
516 _aElectronic text
830 0 _aProject Gutenberg
_v46017
856 4 0 _uhttp://www.gutenberg.org/ebooks/46017
942 _cEB
999 _c275266
_d275266